| 000 | 00773nam a2200241 u 4500 | ||
|---|---|---|---|
| 005 | 20230316063548.0 | ||
| 008 | 180226s2007 eu r 000 0 spa d | ||
| 020 | _a9780545011495 (13 dígitos) | ||
| 020 | _a0545011493 (30 dígitos) | ||
| 035 | _aUPN01000223180 | ||
| 049 | _aI | ||
| 050 | 4 |
_aPZ75 _bG5.5 |
|
| 100 | 1 |
_aGiorgi, Sergio de _933024 |
|
| 245 | 1 | 0 |
_aMi vida en colores / _cSergio De Giorgio ; il. Luz Igolnikow. |
| 260 |
_aNew York : _bScholastic, _c2007. |
||
| 300 |
_a[21] p. : _bprincipalmente il. col. |
||
| 440 | 0 | _aScholastic en español | |
| 650 | 2 |
_aColores _vLiteratura infantil _921262 |
|
| 650 | 4 |
_aEmociones en niños _vLiteratura infantil _921332 |
|
| 650 | 4 |
_aAMOR - _vLITERATURA INFANTIL _911101 |
|
| 905 | _aInfantil | ||
| 999 |
_c195277 _d195277 |
||